000 00326 a2200157 4500
001 68439
020 _a9781337610933
040 _cAnchieta - Pituba
100 _aStannett, Katherine
240 1 0 _aImpact 2
_l
245 1 0 _aImpact 2
300 _a175
362 0 _a2017
650 4 _aInglês e inglês antigo
942 _cBK
999 _c68439
_d68439